Introduction to fluid logic (Record no. 30662)

MARC details
000 -LEADER
fixed length control field 00333nam a2200133Ia 4500
082 ## - DEWEY DECIMAL CLASSIFICATION NUMBER
Classification number 621.6
Item number FIT
100 ## - MAIN ENTRY--AUTHOR NAME
Personal name Fitch, E C
245 #0 - TITLE STATEMENT
Title Introduction to fluid logic
260 ## - PUBLICATION, DISTRIBUTION, ETC. (IMPRINT)
Place of publication Washington
Name of publisher Hemisphere
Year of publication 1978
650 ## - SUBJECT ADDED ENTRY--TOPICAL TERM
Topical Term Fluid logic
700 ## - ADDED ENTRY--PERSONAL NAME
Personal name Surjaatmadja, J B
942 ## - ADDED ENTRY ELEMENTS (KOHA)
Koha item type Books
Holdings
Withdrawn status Lost status Damaged status Not for loan Home library Current library Date acquired Cost, normal purchase price Full call number Accession Number Koha item type
        RRII Library RRII Library 16/12/2021 22.50 621.6 FIT 11232 Books